| 000 | 00845nam a2200253Ia 4500 | ||
|---|---|---|---|
| 003 | OSt | ||
| 005 | 20220918170412.0 | ||
| 006 | a|||||r|||| 00| 0 | ||
| 007 | ta | ||
| 008 | 220917b |||||||| |||| 00| 0 eng d | ||
| 020 |
_a9780199660872 _cUKP 95.00 |
||
| 024 | _a326,645 | ||
| 037 |
_b8306, 17/01/2018, Efficient Book Distributors _cTextual |
||
| 040 |
_aARTS _cARTS _beng |
||
| 041 |
_2eng _aeng |
||
| 082 | _aO111,1L95:g, Q7 | ||
| 100 |
_aBarnard John Ed. _95054 |
||
| 245 | 0 |
_a21st Century Oxford authors _b John Keats |
|
| 260 |
_aNew York _bOxford University Press USA _c2017 |
||
| 300 |
_axliii,660p. _ccm. |
||
| 650 |
_aENGLISH LITERATURE; ENGLISH POETRY; KEATS, JOHN _928843 |
||
| 942 |
_hO111,1L95:g, Q7 _cTEXL _2CC |
||
| 999 |
_c133987 _d133987 |
||